07221cam a22003855a 4500999001700000001000900017005001700026008004100043010001700084020004400101020004100145035002000186040003300206082001900239245010000258250001200358260003800370300004500408504005100453505490200504520073705406650004706143650004106190650003706231650003506268651001006303653002106313655001706334700002906351700003206380942000806412952013306420952014906553952013306702 c27259d272301733690320190319130500.0120606t2013 nyua frb 001 0 eng d a 2012023071 a9780071390118 (hard cover : alk. paper) a0071390111 (hard cover : alk. paper) a(DNLM)101585704 aDNLM/DLCbengcDLCdEG-ScBUE04a612.8bPRI22200aPrinciples of neural science /cedited by Eric R. Kandel ... [et al.] ; art editor, Sarah Mack. a5th ed. aNew York :bMcGraw-Hill,cc.2013. al, 1709 p. :bill. (some col.) ;c29 cm. aIncludes bibliographical references and index.8 aMachine generated contents note: PART I: Overall Perspective (Kandel, Hudspeth)1. The Brain and Behavior (Kandel, Hudspeth)2. Nerve Cells, Neural Circuitry, and Behavior (Kandel, Barres, Hudspeth)3. Genes and Behavior (Bargmann, Gilliam) PART II: Cell and Molecular Biology of the Neuron (Siegelbaum, Hudspeth)4. The Cells of the Nervous System (Schwartz, Barres, Goldman)5. Ion Channels (Siegelbaum, Koester)6. Membrane Potential and the Passive Electrical Properties of the Neuron (Siegelbaum, Koester)7. Propagated Signaling: The Action Potential (Siegelbaum, Koester) PART III: Overview: Synaptic Transmission (Siegelbaum, Hudspeth)8. Overview of Synaptic Transmission (Siegelbaum, Kandel)9Signaling at the Nerve Muscle Synapse: Directly Gated Transmission (Siegelbaum, Kandel)10. Synaptic Integration in the Central Nervous System (Siegelbaum, Kandel, Yuste)11. Modulation of Synaptic Transmission: Second Messengers (Clapham, Siegelbaum, Schwartz)12. Transmitter Release (Siegelbaum, Kandel, Sudhof)13. Neurotransmitters (Schwartz, Javitch)14. Diseases of Nerve and the Motor Unit (Brown, Cannon, Rowland) PART IV: The Neural Basis of Cognition (Hudspeth, Kandel)15. The Organization of the Central Nervous System (Amaral, Strick)16. The Functional Organization of Perception and Movement (Amaral)17. From Nerve Cells to Cognition: The Internal Representations for Space and Action (Kandel)18. The Organization of Cognition (Olson, Colby)19. Cognitive Functions of the Premotor System (Rizzolatti, Strick)20. Functional Imaging of Cognition (Small, Heeger) PART V: Perception (Hudspeth)21. Sensory Coding (Gardner, Johnson)22. The Somatosensory System: Receptors and Central Pathways (Gardner, Johnson)23. Touch (Gardner, Johnson)24. Pain (Basbaum, Jessell)25. The Constructive Nature of Visual Processing (Gilbert)26. Low-Level Visual Processing: The Retina (Meister, Tessier-Lavigne)27. Intermediate-Level Visual Processing: Visual Primitives (Gilbert)28. High-Level Visual Processing: Cognitive Influences (Albright)29. Visual Processing and Action (Wurtz, Goldberg)30. The Inner Ear (Hudspeth)31. The Auditory Central Nervous System (Oertel, Doupe)32. Smell and Taste: The Chemical Senses (Buck, Bargmann)PART VI: Movement (Hudspeth)33. The Organization and Planning of Movement (Wolpert, Pearson, Ghez)34. The Motor Unit and Muscle Action (Enoka, Pearson)35. Spinal Reflexes (Pearson, Gordon)36. Locomotion (Pearson, Gordon)37. Voluntary Movement: The Primary Motor Cortex (Kalaska, Rizzolatti)38. Voluntary Movement: The Parietal and Premotor Cortex (Rizzolatti, Kalaska)39. The Control of Gaze(Goldberg)40. The Vestibular System (Goldberg, Hudspeth)41. Posture (MacPherson, Horack)42. The Cerebellum (Lisberger, Thach)43. The Basal Ganglia (Wichmann, DeLong)44. Genetic Mechanisms in Degenerative Diseases of the Nervous System (Zoghbi)PART VII: The Unconscious and Conscious Processing of Neural Information (Kandel, Siegelbaum, Schwartz)45. The Sensory, Motor, and Reflex Functions of the Brain Stem (Saper, Lumsden, Richerson) 46. The Modulatory Functions of the Brain Stem (Richerson, Aston-Jones, Saper)47. The Autonomic Motor System and the Hypothalamus (Horn, Swanson)48. Emotions and Feelings (LeDoux, Damasio)49. Homeostasis, Motivation, and Addictive States (Shizgal, Hyman)50. Seizures and Epilepsy (Westbrook)51. Sleep and Dreaming (McCormick, Westbrook)PART VIII: Development and the Emergence of Behavior (Jessell)52. Patterning the Nervous System (Jessell, Sanes)53. Differentiation and Survival of Nerve Cells(Jessell, Sanes)54. The Growth and Guidance of Axons (Sanes, Jessell)55. Formation and Elimination of Synapses (Sanes, Jessell)56. Experience and the Refinement of Synaptic Connections (Jessell, Sanes)57. Repairing the Damaged Brain (Sanes, Jessell)58. Sexual Differentiation of the Nervous System (Shah, Jessell, Sanes)59. The Aging Brain (Jessell, Sanes)PART IX: Language, Thought, Affect, and Learning (Kandel, Schwartz)60. Language (Kuhl, Damasio)61. Disorders of Conscious and Unconscious Mental Processes (C. Frith)62. Disorders of Thought and Volition: Schizophrenia (Hyman, Cohen)63. Disorders of Mood and Anxiety (Hyman, Cohen)64. Autism and Other Neurodevelopmental Disorders Affecting Cognition (U. Frith, Happe, Amaral, and Warren)65. Learning and Memory(Schacter, Wagner)66. Cellular Mechanisms of Implicit Memory Storage and the Biological Basis of Individuality (Kandel, Siegelbaum)67. Prefrontal Cortex, Hippocampus, and the Biology of Explicit Memory Storage)AppendicesA. Review of Basic Circuit Theory (Koester)B. The Neurological Examination of the Patient (Kriegstein, Brust)C. Circulation of the Brain (Brust)D. The Blood-Brain Barrier, Choroid Plexus, and Cerebrospinal Fluid (Laterra, Goldstein)E. Neural Networks (Seung, Yuste)F. Theoretical Approaches to Neuroscience: Examples From Single Neurons to Networks (Abbott, Fusi, Miller). a"The field's definitive work from a Nobel Prize-winning author 900 full-color illustrations Principles of Neural Science, 5e describes our current understanding of how the nerves, brain, and mind function. From molecules to anatomic structures and systems to cognitive function, this comprehensive reference covers all aspects of neuroscience. Widely regarded as the field's cornerstone reference, the fifth edition is highlighted by more than 900 full-color illustrations. The fifth edition has been completely updated to reflect the tremendous amount of new research and development in neuroscience in the last decade. Lead author Eric Kandel was awarded the Nobel Prize in Physiology or Medicine in 2000"--Provided by publisher. 7aCentral Nervous Systemxphysiology.2BUEsh 7aMental Processesxphysiology.2BUEsh 7aNervous System Diseases.2BUEsh 7aNeuropsychology.2BUEsh934850 2BUEsh bPPhrmcMarch2019 vReading book1 aKandel, Eric R.eeditor.1 a Mack, Sarah,eillustrator. 2ddc 00102ddc40708BaccahaMAINbMAINc1STd2019-03-19ePurchaseg550.00l0o612.8 PRIp000044441r2025-07-15 00:00:00v687.50yNB 00102ddc40708BaccahaMAINbMAINc1STd2019-03-19ePurchaseg550.00l1m30o612.8 PRIp000044442r2026-02-10 00:00:00s2020-02-13v687.50yBB 00102ddc40708BaccahaMAINbMAINc1STd2019-03-19ePurchaseg550.00l0o612.8 PRIp000044443r2025-07-15 00:00:00v687.50yBB